ថ្ងៃរីករាយ / (Record no. 8101)

MARC details
000 -LEADER
fixed length control field 01185nam a22002777a 4500
001 - CONTROL NUMBER
control field 8101
003 - CONTROL NUMBER IDENTIFIER
control field FISKH
005 - DATE AND TIME OF LATEST TRANSACTION
control field 20260323122217.0
008 - FIXED-LENGTH DATA ELEMENTS--GENERAL INFORMATION
fixed length control field 250825b cb ||||| |||| 00| 0 eng d
040 ## - CATALOGING SOURCE
Original cataloging agency FISKH
Language of cataloging khr
Transcribing agency FISKH
Modifying agency FISKH
050 ## - LIBRARY OF CONGRESS CALL NUMBER
Classification number PZ7
082 ## - DEWEY DECIMAL CLASSIFICATION NUMBER
Classification number 398.2
100 ## - MAIN ENTRY--PERSONAL NAME
Personal name Ministry of Education, Youth and Sport
245 ## - TITLE STATEMENT
Title ថ្ងៃរីករាយ /
Statement of responsibility, etc. ក្រសួងអប់រំយុវជន និងកីឡា
260 ## - PUBLICATION, DISTRIBUTION, ETC.
Place of publication, distribution, etc. ភ្នំពេញ​ :
Name of publisher, distributor, etc. ក្រសួងអប់រំយុវជន និងកីឡា,
300 ## - PHYSICAL DESCRIPTION
Extent 16 pages :
Other physical details color illustrations ;
Dimensions 25 cm .
505 ## - FORMATTED CONTENTS NOTE
Formatted contents note J <br/>
520 ## - SUMMARY, ETC.
Summary, etc. ម៉ែបាននាំកូនៗទាំងបួនទៅផ្សារដើម្បីទិញសំលៀកបំពាក់ថ្មី សម្រាប់ថ្ងៃបុណ្យចូលឆ្នាំ។​<br/>
520 ## - SUMMARY, ETC.
Summary, etc. Mother took all four of her children to the market to buy new clothes for Khmer New Year .
521 8# - TARGET AUDIENCE NOTE
Target audience note 500 <br/>
Source Lexile estimate <br/>
521 8# - TARGET AUDIENCE NOTE
Target audience note J <br/>
Source Raz-Plus <br/>
650 ## - SUBJECT ADDED ENTRY--TOPICAL TERM
Topical term or geographic name entry element ថ្ងៃរីករាយ
650 ## - SUBJECT ADDED ENTRY--TOPICAL TERM
Topical term or geographic name entry element Happy Day
942 ## - ADDED ENTRY ELEMENTS (KOHA)
Source of classification or shelving scheme Dewey Decimal Classification
Koha item type Books
Suppress in OPAC No
Holdings
Withdrawn status Lost status Source of classification or shelving scheme Damaged status Not for loan Home library Current library Shelving location Date acquired Total Checkouts Full call number Barcode Date last seen Date last checked out Copy number Price effective from Koha item type
    Dewey Decimal Classification     Footprints International School Library Network Toul Tom Poung Campus Footprints International School Library Network Toul Tom Poung Campus TTP Primary Khmer Bookshelves 08/25/2025 1 MIN PZ7 398.2 2025-4228 10/22/2025 10/08/2025 1 08/25/2025 Books
    Dewey Decimal Classification     Footprints International School Library Network Toul Tom Poung Campus Footprints International School Library Network Toul Tom Poung Campus TTP Primary Khmer Bookshelves 10/07/2025   MIN PZ7 398.2 FISBK04013 10/07/2025   2 10/07/2025 Books
    Dewey Decimal Classification     Footprints International School Library Network Toul Tom Poung Campus Footprints International School Library Network Toul Tom Poung Campus TTP Primary Khmer Bookshelves 10/10/2025   MIN PZ7 398.2 FISBK04088 10/10/2025   3 10/10/2025 Books
    Dewey Decimal Classification     Footprints International School Library Network Toul Tom Poung Campus Footprints International School Library Network Toul Tom Poung Campus TTP Primary Khmer Bookshelves 10/10/2025 1 MIN PZ7 398.2 FISBK04055 10/24/2025 10/17/2025 4 10/10/2025 Books
    Dewey Decimal Classification     Footprints International School Library Network Toul Tom Poung Campus Footprints International School Library Network Toul Tom Poung Campus TTP Primary Khmer Bookshelves 10/10/2025 1 MIN PZ7 398.2 FISBK04059 03/31/2026 03/02/2026 5 10/10/2025 Books
    Dewey Decimal Classification     Footprints International School Library Network Toul Tom Poung Campus Footprints International School Library Network Toul Tom Poung Campus TTP Primary Khmer Bookshelves 10/24/2025   MIN PZ7 398.2 FISBK04099 10/24/2025   6 10/24/2025 Books
    Dewey Decimal Classification     Footprints International School Library Network Toul Tom Poung Campus Footprints International School Library Network Toul Tom Poung Campus TTP Primary Khmer Bookshelves 11/10/2025   MIN PZ7 398.2 FISBK04009 11/10/2025   7 11/10/2025 Books
    Dewey Decimal Classification     Footprints International School Library Network Toul Tom Poung Campus Footprints International School Library Network Toul Tom Poung Campus TTP Primary Khmer Bookshelves 03/23/2026   MIN PZ7 398.2 FISBK03637 03/23/2026   8 03/23/2026 Books